Agricultural genetics (Record no. 25514)

MARC details
000 -LEADER
fixed length control field 00389nam a2200145Ia 4500
082 ## - DEWEY DECIMAL CLASSIFICATION NUMBER
Classification number 575:631
Item number BRE
100 ## - MAIN ENTRY--AUTHOR NAME
Personal name BREWBAKER, James L
245 #0 - TITLE STATEMENT
Title Agricultural genetics
260 ## - PUBLICATION, DISTRIBUTION, ETC. (IMPRINT)
Place of publication New Jersey
Name of publisher Prentice Hall
Year of publication 1964
490 ## - SERIES STATEMENT
Series statement Foundations of modern genetics
650 ## - SUBJECT ADDED ENTRY--TOPICAL TERM
Topical Term Agricultural genetics
650 ## - SUBJECT ADDED ENTRY--TOPICAL TERM
Topical Term Polyploidy
942 ## - ADDED ENTRY ELEMENTS (KOHA)
Koha item type Books
Holdings
Withdrawn status Lost status Damaged status Not for loan Home library Current library Date acquired Full call number Accession Number Koha item type
        RRII Library RRII Library 16/12/2021 575:631 BRE 06171 Books